000 00240nam a22001097a 4500
041 _aENG
245 _aA Bibliography Of Farm Buildings Research
260 _aDelhi
_bAVI
_c1961
300 _a52
650 _aAPE ( 02 )
856 _uAPE ( 02 )
999 _c2870
_d2870